Statistiques concernant Ecrivains de la Pléiade

Cliquez ici pour prendre le quiz!

Statistiques générales

  • Ce quiz a été pris 8 690 fois
    (1 155 depuis la dernière actualisation)
  • Le résultat moyen est 125 sur 237

Statistiques - réponses

Patronymes% Correct
Hugo
85%
Zola
85%
Balzac
81%
Molière
81%
Voltaire
81%
Sartre
79%
Baudelaire
78%
Racine
77%
Rimbaud
77%
Verlaine
77%
Camus
76%
Maupassant
76%
Rousseau
76%
Corneille
75%
Dumas
75%
Flaubert
75%
Diderot
74%
Tolstoï
74%
Stendhal
72%
Aragon
71%
Beauvoir
71%
Platon
71%
Sand
71%
Shakespeare
71%
Apollinaire
70%
Céline
70%
Dostoïevski
70%
La Fontaine
70%
Proust
70%
Duras
69%
Musset
69%
Rabelais
69%
Yourcenar
69%
Gide
68%
Montaigne
68%
Montesquieu
68%
Ronsard
68%
Chateaubriand
67%
Homère
66%
Kant
66%
Malraux
66%
Dante
65%
Ionesco
65%
Cervantès
64%
Lamartine
64%
Alain
63%
Giono
63%
Goethe
63%
Hemingway
63%
Kafka
63%
Mallarmé
63%
Poe
63%
Breton
62%
Brontë
62%
Lafayette
62%
Saint-Exupéry
62%
Verne
62%
Colette
61%
Gogol
61%
Anouilh
60%
Beaumarchais
60%
Marivaux
60%
Marx
60%
Zweig
60%
Dickens
59%
Eluard
59%
Mauriac
59%
Nietzsche
59%
Austen
58%
Gary
58%
Pascal
58%
Pouchkine
58%
Saint-Augustin
58%
Wilde
58%
Aristophane
57%
Descartes
57%
Kundera
57%
La Bruyère
57%
Prévert
57%
Andersen
56%
France
56%
Sade
56%
Sarraute
56%
Woolf
56%
De Gaulle
55%
Nerval
55%
Queneau
55%
Cocteau
54%
Faulkner
54%
Gautier
54%
Saint-Simon
54%
Bernanos
53%
Boileau
53%
Char
53%
Daudet
53%
Genet
53%
Giraudoux
53%
Valery
53%
Vian
53%
Vigny
53%
Fitzgerald
52%
Machiavel
52%
Perec
52%
Simenon
52%
Villon
52%
Aymé
51%
Choderlos de Laclos
51%
Claudel
51%
Conrad
51%
Joyce
51%
Mérimée
51%
Montherlant
51%
Nabokov
51%
Renard
51%
Stevenson
51%
Tchekhov
51%
Barbey d'Aurevilly
50%
Boulgakov
50%
Chrétien de Troyes
50%
D'Ormesson
50%
Jarry
50%
Kessel
50%
Kipling
50%
Lautréamont
50%
Pline l'Ancien
50%
Saint-John Perse
50%
Sophocle
50%
Virgile
50%
Cendrars
49%
Cohen
49%
Euripide
49%
Plutarque
49%
Sévigné
49%
Simon
49%
Spinoza
49%
Tocqueville
49%
Tournier
49%
Calvin
48%
Defoe
48%
Eschyle
48%
Foucault
48%
London
48%
Martin du Gard
48%
Plaute
48%
Tourguéniev
48%
Borges
47%
Bossuet
47%
De Staël
47%
Gracq
47%
Hérodote
47%
Ibsen
47%
James
47%
La Rochefoucauld
47%
Malherbe
47%
Melville
47%
Scott
47%
Vallès
47%
Brecht
46%
Carroll
46%
Cioran
46%
Constant
46%
Fénélon
46%
Garcia Lorca
46%
Kierkegaard
46%
Luther
46%
Michaux
46%
Michelet
46%
Sainte-Beuve
46%
Thucydide
46%
Bataille
45%
d'Aubigné
45%
Gorki
45%
Levi-Strauss
45%
Pasternak
45%
Pessoa
45%
Ponge
45%
Swift
45%
Huysmans
44%
Morand
44%
Péguy
44%
Pirandello
44%
Rilke
44%
Chénier
43%
Drieu la Rochelle
43%
Roth
43%
Supervielle
43%
Tacite
43%
Thérèse d'Avila
43%
Brantôme
42%
Buffon
42%
Casanova
42%
Jünger
42%
Paz
42%
Lermontov
41%
Térence
41%
Villiers de l'Isle-Adam
41%
Corbière
40%
Cros
40%
Duby
40%
Hölderlin
40%
Leiris
40%
Malebranche
40%
Voragine
40%
Cardinal de Retz
39%
Fromentin
39%
Gobineau
39%
Goldoni
39%
Larbaud
39%
Ramuz
39%
Feydeau
38%
Jaccottet
38%
Leskov
38%
Vargas Llosa
38%
Eliot
37%
Griboïédov
37%
Polybe
37%
Restif de La Bretonne
37%
Tanizaki
37%
Courier
36%
Fielding
36%
Labé
36%
Las Cases
36%
Monluc
36%
Saint-François de Sales
36%
Somadeva
36%
Tallemant des Réaux
36%
De Quincey
34%
Ibn Khaldûn
34%
Jean de la Croix
34%
Nai'an
34%
Vâlmikî
34%
Cao Xueqin
33%
Jin Ping Mei
33%
Segalen
32%
Wu Cheng'en
32%
Guanzhong
31%
Saltykov-Chtchedrine
30%

Distribution des résultats

Percentile par nombre de réponses

% des personnes avec chaque résultat

Votre développement - résultats

Vous n’avez pas pris ce quiz depuis la dernière actualisation